Bővítik a tribünt [rövid hír] /
Elmentve itt :
| Szerző: | |
|---|---|
| Dokumentumtípus: | Cikk |
| Megjelent: |
1960-05-18
|
| Sorozat: | Délmagyarország
50 No. 116 |
| Kulcsszavak: | Szabadtéri Játékok, Szegedi Szabadtéri Játékok technikai fejlesztés 1960 |
| Online Access: | http://dmarchiv.bibl.u-szeged.hu/77692 |
| LEADER | 00559nab a2200169 i 4500 | ||
|---|---|---|---|
| 001 | delm77692 | ||
| 005 | 20180928084344.0 | ||
| 008 | 180928s1960 hu o 0|| hun d | ||
| 040 | |a SZTE Délmagyarország Archívum |b hun | ||
| 041 | |a hun | ||
| 100 | 1 | |a Liebmann Béla | |
| 245 | 1 | 0 | |a Bővítik a tribünt |h [elektronikus dokumentum] : |b [rövid hír] / |c Liebmann Béla |
| 260 | |c 1960-05-18 | ||
| 300 | |a 5 | ||
| 490 | 0 | |a Délmagyarország |v 50 No. 116 | |
| 695 | |a Szabadtéri Játékok, Szegedi Szabadtéri Játékok technikai fejlesztés 1960 | ||
| 700 | 0 | 1 | |a Liebmann Béla |e aut |